[Event "Ojinaga Perla del Desierto op"]
[Site "Ojinaga"]
[Date "2023.10.29"]
[Round "7"]
[White "Lopez Gonzalez, Abel Fabian"]
[Black "Quintiliano Pinto, Renato Rodrigues"]
[Result "1/2-1/2"]
[WhiteElo "2420"]
[BlackElo "2501"]
[PlyCount "102"]
[EventDate "2023.10.26"]
[EventType "swiss"]
[EventRounds "7"]
[EventCountry "MEX"]
[SourceTitle "Mega2024 Update 01"]
[Source "Chessbase"]
[SourceDate "2023.11.12"]
[SourceVersion "1"]
[SourceVersionDate "2023.11.12"]
[SourceQuality "1"]

1. e4 c5 2. Nf3 d6 3. d4 cxd4 4. Nxd4 Nf6 5. Nc3 a6 6. h3 Nc6 7. Be3 e5 8. Nxc6 bxc6 9. f4 exf4 10. Bxf4 Be7 11. Bc4 0-0 12. Qf3 Be6 13. Bb3 Nd7 14. 0-0-0 Qc7 15. Qg3 Bxb3 16. axb3 Ne5 17. Bxe5 dxe5 18. Qd3 Qb6 19. Kb1 Ra7 20. Rhf1 g6 21. Qg3 Qb8 22. h4 h5 23. Qh2 Qc8 24. Qxe5 Bxh4 25. Qc5 Rb7 26. e5 Be7 27. Qe3 Rb4 28. Ne4 Qe6 29. Nf6+ Kg7 30. g4 h4 31. Qg5 Rh8 32. Rde1 a5 33. Qe3 a4 34. Rf3 axb3 35. cxb3 Rhb8 36. Qd2 Rxb3 37. Rxb3 Rxb3 38. Ne8+ Kh7 39. Qf2 Rb5 40. Nc7 Qc4 41. Nxb5 cxb5 42. e6 Qd3+ 43. Ka1 f5 44. Qa7 Qd6 45. gxf5 gxf5 46. Qd7 Qb4 47. Re5 h3 48. Qd3 Kg7 49. Qxh3 Qa4+ 50. Kb1 Qd1+ 51. Ka2 Qa4+ 1/2-1/2

[Event "Ojinaga Perla del Desierto op"]
[Site "Ojinaga"]
[Date "2023.10.28"]
[Round "6"]
[White "Quesada Perez, Luis Ernesto"]
[Black "Lopez Gonzalez, Abel Fabian"]
[Result "1/2-1/2"]
[WhiteElo "2555"]
[BlackElo "2420"]
[PlyCount "56"]
[EventDate "2023.10.26"]
[EventType "swiss"]
[EventRounds "7"]
[EventCountry "MEX"]
[SourceTitle "Mega2024 Update 01"]
[Source "Chessbase"]
[SourceDate "2023.11.12"]
[SourceVersion "1"]
[SourceVersionDate "2023.11.12"]
[SourceQuality "1"]

1. e4 c6 2. d4 d5 3. e5 Bf5 4. Nf3 e6 5. Be2 c5 6. Be3 Qb6 7. Nc3 Nc6 8. 0-0 Qxb2 9. Qe1 cxd4 10. Bxd4 Nxd4 11. Nxd4 Bb4 12. Rb1 Bxc3 13. Rxb2 Bxe1 14. Rxe1 b6 15. h4 h5 16. Nxf5 exf5 17. c4 Ne7 18. Rd2 0-0-0 19. g3 d4 20. Red1 Ng6 21. f4 Nf8 22. Rxd4 Rxd4 23. Rxd4 Ne6 24. Rd5 g6 25. Kf2 Rd8 26. Ke3 Rd7 27. Bf3 Rc7 28. Kd3 Nc5+ 1/2-1/2

[Event "Cancun Camara Cup 11th"]
[Site "Cancun"]
[Date "2023.10.13"]
[Round "5"]
[White "Gutierrez Delgado, Yusuan Alfredo"]
[Black "Lopez Gonzalez, Abel Fabian"]
[Result "0-1"]
[WhiteElo "2322"]
[BlackElo "2420"]
[PlyCount "60"]
[EventDate "2023.10.11"]
[EventType "swiss"]
[EventRounds "9"]
[EventCountry "MEX"]
[SourceTitle "Mega2024 Update 01"]
[Source "Chessbase"]
[SourceDate "2023.11.12"]
[SourceVersion "1"]
[SourceVersionDate "2023.11.12"]
[SourceQuality "1"]

1. e4 e5 2. Nf3 Nc6 3. Bb5 Nge7 4. Nc3 Ng6 5. h4 Nd4 6. h5 Nf4 7. Nxd4 exd4 8. Qg4 g5 9. Nd5 Ne6 10. Qf5 Be7 11. e5 c6 12. Nxe7 Qxe7 13. Bc4 Nf4 14. 0-0 d5 15. exd6 Bxf5 16. dxe7 Kxe7 17. d3 Kf6 18. Bxf4 gxf4 19. Rfe1 Rhg8 20. Kf1 Rg5 21. Ke2 Rxg2 22. Kf3 Rag8 23. Rh1 R2g5 24. b4 b6 25. Rh4 Bg4+ 26. Ke4 c5 27. bxc5 bxc5 28. Rb1 Re5+ 29. Kxf4 Rf5+ 30. Kg3 Be2+ 0-1

[Event "Mexican op 68th"]
[Site "Mexico City"]
[Date "2023.04.08"]
[Round "8"]
[White "Lopez Gonzalez, Abel Fabian"]
[Black "Cori Quispe, Kevin Joel"]
[Result "1-0"]
[WhiteElo "2381"]
[BlackElo "2479"]
[PlyCount "89"]
[EventDate "2023.04.04"]
[EventType "swiss"]
[EventRounds "9"]
[EventCountry "MEX"]
[SourceTitle "CBM 213 Extra"]
[Source "ChessBase"]
[SourceDate "2023.05.31"]
[SourceVersion "1"]
[SourceVersionDate "2023.05.31"]
[SourceQuality "1"]

1. d4 Nf6 2. c4 e6 3. Nc3 Bb4 4. e3 0-0 5. Bd3 d5 6. a3 Bxc3+ 7. bxc3 dxc4 8. Bxc4 c5 9. Bd3 Qc7 10. Bb2 e5 11. dxe5 Qxe5 12. Qc2 Nc6 13. Nf3 Qe7 14. c4 Bg4 15. Ng5 h6 16. h3 Bh5 17. Nh7 Nxh7 18. Bxh7+ Kh8 19. g4 Bg6 20. Bxg6 fxg6 21. 0-0-0 Qf7 22. g5 hxg5 23. h4 Kg8 24. hxg5 Rae8 25. Rh3 Qf5 26. Qxf5 Rxf5 27. f4 Re7 28. Bc3 Rf8 29. Rd6 Kf7 30. Kd2 Rd8 31. Rxd8 Nxd8 32. Kd3 Rd7+ 33. Ke2 Re7 34. Rh1 Ne6 35. Kf3 Rd7 36. Ke4 Re7 37. Be5 Ke8 38. Bd6 Rf7 39. Kd5 Kd7 40. Rh8 Rf5+ 41. Be5 Rf7 42. Rb8 Nd8 43. Kxc5 Re7 44. Kd5 Rf7 45. c5 1-0

[Event "Mexican op 68th"]
[Site "Mexico City"]
[Date "2023.04.06"]
[Round "4"]
[White "Cordova, Emilio"]
[Black "Lopez Gonzalez, Abel Fabian"]
[Result "1-0"]
[WhiteElo "2539"]
[BlackElo "2381"]
[PlyCount "112"]
[EventDate "2023.04.04"]
[EventType "swiss"]
[EventRounds "9"]
[EventCountry "MEX"]
[SourceTitle "CBM 213 Extra"]
[Source "ChessBase"]
[SourceDate "2023.05.31"]
[SourceVersion "1"]
[SourceVersionDate "2023.05.31"]
[SourceQuality "1"]

1. Nf3 d5 2. g3 Nf6 3. Bg2 Bf5 4. c4 e6 5. 0-0 c6 6. Qb3 Qb6 7. d3 Qxb3 8. axb3 Nbd7 9. Bd2 h6 10. cxd5 exd5 11. b4 Bd6 12. Nd4 Bh7 13. Nb3 a6 14. b5 Rb8 15. bxc6 bxc6 16. Nd4 c5 17. Rxa6 cxd4 18. Rxd6 Rxb2 19. Rc1 Ke7 20. Ra6 Rhb8 21. Ra1 Nc5 22. Rxc5 Rxb1+ 23. Rxb1 Rxb1+ 24. Bf1 Kd6 25. Rc1 Rxc1 26. Bxc1 Nd7 27. Bb2 Kc5 28. g4 g5 29. Kg2 Ne5 30. Kg3 Ng6 31. e3 dxe3 32. fxe3 Kd6 33. Bg7 Ke6 34. Bxh6 f6 35. d4 Ne7 36. Bf8 Kf7 37. Bxe7 Kxe7 38. Ba6 Kd6 39. Bc8 Kc6 40. Bf5 Bg8 41. Kf2 Kb5 42. Ke2 Kc4 43. Kd2 Bf7 44. h3 Be8 45. Bb1 Kb3 46. Bh7 Kc4 47. Bb1 Kb3 48. e4 Bc6 49. Ke3 Kb2 50. Bd3 Kc3 51. exd5 Bxd5 52. Be4 Bf7 53. d5 Kc4 54. d6 Be6 55. Bf5 Kd5 56. d7 Kd6 1-0

[Event "Carlos Torre Memorial op 32nd"]
[Site "Merida"]
[Date "2022.12.19"]
[Round "6"]
[White "Berdayes Ason, Dylan Isidro"]
[Black "Lopez Gonzalez, Abel Fabian"]
[Result "1/2-1/2"]
[WhiteElo "2517"]
[BlackElo "2375"]
[PlyCount "34"]
[EventDate "2022.12.16"]
[EventType "swiss"]
[EventRounds "9"]
[EventCountry "MEX"]
[SourceTitle "CBM 212 Extra"]
[Source "ChessBase"]
[SourceDate "2023.03.31"]
[SourceVersion "1"]
[SourceVersionDate "2023.03.31"]
[SourceQuality "1"]

1. d4 d5 2. Nf3 e6 3. c4 c5 4. cxd5 exd5 5. Bg5 Be7 6. Bxe7 Qxe7 7. dxc5 Qxc5 8. e3 Nf6 9. Nc3 Nc6 10. Be2 Qb6 11. 0-0 Qxb2 12. Nb5 0-0 13. Rb1 Qxa2 14. Ra1 Qb2 15. Rb1 Qa2 16. Ra1 Qb2 17. Rb1 Qa2 1/2-1/2

[Event "Carlos Torre Memorial op 32nd"]
[Site "Merida"]
[Date "2022.12.17"]
[Round "3"]
[White "Lopez Gonzalez, Abel Fabian"]
[Black "Hernandez Machado, Patricia M"]
[Result "1-0"]
[WhiteElo "2375"]
[BlackElo "2173"]
[PlyCount "105"]
[EventDate "2022.12.16"]
[EventType "swiss"]
[EventRounds "9"]
[EventCountry "MEX"]
[SourceTitle "CBM 212 Extra"]
[Source "ChessBase"]
[SourceDate "2023.03.31"]
[SourceVersion "1"]
[SourceVersionDate "2023.03.31"]
[SourceQuality "1"]

1. e4 c5 2. Nc3 d6 3. d4 cxd4 4. Qxd4 a6 5. b3 e5 6. Qd2 Be6 7. Ba3 Qa5 8. Na4 Qxd2+ 9. Kxd2 Nd7 10. c4 Ngf6 11. f3 Be7 12. Rd1 0-0 13. Kc2 Ne8 14. g3 f5 15. Nc3 Rc8 16. Kb2 Nc5 17. Bh3 g6 18. exf5 Bxf5 19. Nd5 Bd8 20. Bxf5 Rxf5 21. h4 Rf7 22. Rh2 Ng7 23. Nc3 Be7 24. Bxc5 Rxc5 25. Ne4 Rc6 26. Rhd2 Nf5 27. Nh3 h6 28. Nhf2 Kg7 29. Nd3 a5 30. f4 Nxg3 31. Nxg3 exf4 32. Ne2 Bf6+ 33. Kb1 f3 34. Nef4 Bxh4 35. Rf1 g5 36. Ne6+ Kg6 37. Nd4 g4 38. Nxc6 bxc6 39. c5 Bg5 40. Rdd1 Kf5 41. cxd6 h5 42. Nc5 Bh4 43. Rh1 Bf2 44. d7 Rxd7 45. Nxd7 h4 46. Kc2 g3 47. Rxh4 g2 48. Rh5+ Ke4 49. Ne5 c5 50. Nxf3 Kxf3 51. Rf5+ Ke2 52. Rxf2+ Kxf2 53. Kc3 1-0

[Event "Mexico City Independence Cup 11th"]
[Site "Mexico City"]
[Date "2022.09.18"]
[Round "7"]
[White "Zacarias Rodriguez, Santiago"]
[Black "Lopez Gonzalez, Abel Fabian"]
[Result "0-1"]
[WhiteElo "2091"]
[BlackElo "2349"]
[PlyCount "50"]
[EventDate "2022.09.14"]
[EventType "tourn"]
[EventRounds "7"]
[EventCountry "MEX"]
[SourceTitle "CBM 210 Extra"]
[Source "ChessBase"]
[SourceDate "2022.11.30"]
[SourceVersion "1"]
[SourceVersionDate "2022.11.30"]
[SourceQuality "1"]

1. e4 e5 2. Nf3 Nc6 3. Bb5 a6 4. Ba4 Bc5 5. 0-0 Nge7 6. c3 Ng6 7. d4 Ba7 8. Be3 0-0 9. d5 Nce7 10. Bxa7 Rxa7 11. d6 cxd6 12. Qxd6 b5 13. Bb3 Nc6 14. Na3 Rb7 15. Nc2 Rb6 16. Qd2 Nce7 17. Rad1 Bb7 18. Qxd7 Qa8 19. Ne3 Bxe4 20. Nxe5 Nxe5 21. Qxe7 Re8 22. Qc7 Rc6 23. Qa5 Bxg2 24. Nxg2 Nf3+ 25. Kh1 Qb8 0-1

[Event "Mexico City Independence Cup 11th"]
[Site "Mexico City"]
[Date "2022.09.17"]
[Round "6"]
[White "Lopez Gonzalez, Abel Fabian"]
[Black "Jorajuria Mendoza, Algol"]
[Result "0-1"]
[WhiteElo "2349"]
[BlackElo "2104"]
[PlyCount "88"]
[EventDate "2022.09.14"]
[EventType "tourn"]
[EventRounds "7"]
[EventCountry "MEX"]
[SourceTitle "CBM 210 Extra"]
[Source "ChessBase"]
[SourceDate "2022.11.30"]
[SourceVersion "1"]
[SourceVersionDate "2022.11.30"]
[SourceQuality "1"]

1. e4 c5 2. Nc3 Nc6 3. Bb5 Nd4 4. Nf3 a6 5. Bd3 g6 6. 0-0 Bg7 7. Nd5 e6 8. Ne3 Ne7 9. a4 d5 10. c3 Ndc6 11. exd5 exd5 12. Bb1 d4 13. Nc4 Be6 14. Bd3 0-0 15. Re1 b5 16. Nce5 Nxe5 17. Nxe5 Qd6 18. Nf3 Rad8 19. cxd4 c4 20. Bf1 Nf5 21. axb5 axb5 22. d3 Nxd4 23. dxc4 Qb4 24. Bg5 Rd7 25. Nxd4 Rxd4 26. Qf3 bxc4 27. Bf6 Rd2 28. Bxg7 Kxg7 29. Ra7 Bd5 30. Qc3+ Qxc3 31. bxc3 Rb8 32. Rd7 Rbb2 33. h4 Kf6 34. Kh2 Rbc2 35. Rd6+ Kg7 36. Re3 Rxf2 37. Rxd5 Rxf1 38. Rd4 Rff2 39. Rg3 f5 40. Rxc4 f4 41. Rg4 f3 42. Rcf4 Rxc3 43. h5 Rcc2 44. hxg6 hxg6 0-1

[Event "Mexico City Independence Cup 11th"]
[Site "Mexico City"]
[Date "2022.09.17"]
[Round "5"]
[White "Ocampo Vargas, Raul"]
[Black "Lopez Gonzalez, Abel Fabian"]
[Result "0-1"]
[WhiteElo "2101"]
[BlackElo "2349"]
[PlyCount "44"]
[EventDate "2022.09.14"]
[EventType "tourn"]
[EventRounds "7"]
[EventCountry "MEX"]
[SourceTitle "CBM 210 Extra"]
[Source "ChessBase"]
[SourceDate "2022.11.30"]
[SourceVersion "1"]
[SourceVersionDate "2022.11.30"]
[SourceQuality "1"]

1. e4 c5 2. Nf3 d6 3. c3 Nf6 4. Bc4 Nc6 5. Qe2 Bg4 6. h3 Bh5 7. e5 Bxf3 8. Qxf3 dxe5 9. Bb5 e4 10. Qe2 Rc8 11. 0-0 a6 12. Ba4 Qd3 13. Re1 b5 14. Bd1 c4 15. Na3 Ne5 16. f3 e6 17. fxe4 Bc5+ 18. Kh1 Qg3 19. d4 cxd3 20. Qf1 Nfg4 21. Bxg4 Nxg4 22. Bf4 Nf2+ 0-1

[Event "Guillermo Garcia Memorial-C"]
[Site "Santa Clara"]
[Date "2022.05.09"]
[Round "9"]
[White "Lopez Gonzalez, Abel Fabian"]
[Black "Otero Acosta, Diasmany"]
[Result "1/2-1/2"]
[WhiteElo "2357"]
[BlackElo "2365"]
[PlyCount "21"]
[EventDate "2022.04.30"]
[EventType "tourn"]
[EventRounds "9"]
[EventCountry "CUB"]
[SourceTitle "CBM 208 Extra"]
[Source "ChessBase"]
[SourceDate "2022.07.31"]
[SourceVersion "1"]
[SourceVersionDate "2022.07.31"]
[SourceQuality "1"]

1. e4 c5 2. Nc3 Nc6 3. g3 g6 4. Bg2 Bg7 5. d3 d6 6. Be3 e5 7. Qd2 Nge7 8. Bh6 0-0 9. h4 Bxh6 10. Qxh6 f6 11. Qd2 1/2-1/2

[Event "FIDE World Cup American Qual Gp3"]
[Site "Tornelo INT"]
[Date "2021.05.23"]
[Round "1.2"]
[White "Blackman, Justin"]
[Black "Lopez Gonzalez, Abel Fabian"]
[Result "1/2-1/2"]
[WhiteElo "2192"]
[BlackElo "2379"]
[PlyCount "92"]
[EventDate "2021.05.22"]
[EventType "k.o. (rapid)"]
[EventRounds "4"]
[EventCountry "USA"]
[SourceTitle "CBM 202 Extra"]
[Source "ChessBase"]
[SourceDate "2021.07.31"]
[SourceVersion "1"]
[SourceVersionDate "2021.07.31"]
[SourceQuality "1"]

1. d4 d5 2. c4 e6 3. Nf3 c5 4. cxd5 exd5 5. g3 Nc6 6. Bg2 Nf6 7. 0-0 Be7 8. Nc3 0-0 9. Bg5 c4 10. Ne5 Be6 11. f4 Ng4 12. Nxg4 Bxg4 13. Bxd5 Bxg5 14. fxg5 Qxg5 15. Rf4 Rad8 16. Qd2 Bh3 17. e4 Be6 18. Rd1 Bxd5 19. exd5 Ne7 20. Rxf7 Qxd2 21. Rxf8+ Kxf8 22. Rxd2 Nxd5 23. Nxd5 Rxd5 24. Kf2 Ke7 25. Ke3 Ra5 26. a3 Kd6 27. Rf2 Rb5 28. Rf7 Rxb2 29. Rxg7 b5 30. Rxa7 Rxh2 31. Ra6+ Kd5 32. Ra5 Rb2 33. a4 Rb3+ 34. Kd2 Kxd4 35. axb5 c3+ 36. Kc1 Rb2 37. Ra7 h5 38. g4 hxg4 39. Rg7 Kc4 40. b6 Rxb6 41. Rxg4+ Kb3 42. Rg8 Rb7 43. Rh8 Rb5 44. Rg8 Rb7 45. Rh8 Rb6 46. Rg8 Rb7 1/2-1/2

[Event "FIDE World Cup American Qual Gp3"]
[Site "Tornelo INT"]
[Date "2021.05.23"]
[Round "1.3"]
[White "Blackman, Justin"]
[Black "Lopez Gonzalez, Abel Fabian"]
[Result "1-0"]
[WhiteElo "2192"]
[BlackElo "2379"]
[PlyCount "63"]
[EventDate "2021.05.22"]
[EventType "k.o. (rapid)"]
[EventRounds "4"]
[EventCountry "USA"]
[SourceTitle "CBM 202 Extra"]
[Source "ChessBase"]
[SourceDate "2021.07.31"]
[SourceVersion "1"]
[SourceVersionDate "2021.07.31"]
[SourceQuality "1"]

1. e4 e5 2. Nf3 Nc6 3. Nc3 Nf6 4. Bb5 Bb4 5. 0-0 0-0 6. d3 Bxc3 7. bxc3 d6 8. Bg5 Qe7 9. Re1 a6 10. Bxc6 bxc6 11. d4 a5 12. a4 Qe6 13. Bxf6 Qxf6 14. h3 Rb8 15. Qd3 Rb6 16. dxe5 dxe5 17. Red1 h6 18. Qe3 Qe7 19. Rd2 g5 20. Ne1 Rd8 21. Rxd8+ Qxd8 22. Nd3 Qd6 23. Rd1 Ba6 24. Kh2 Kg7 25. Qg3 f6 26. Qf3 Qa3 27. Qf5 Qxc3 28. Nf4 exf4 29. Rd7+ Kf8 30. Qe6 Bc4 31. Qe7+ Kg8 32. Qg7# 1-0

[Event "FIDE World Cup American Qual Gp3"]
[Site "Tornelo INT"]
[Date "2021.05.22"]
[Round "1.1"]
[White "Lopez Gonzalez, Abel Fabian"]
[Black "Blackman, Justin"]
[Result "1/2-1/2"]
[WhiteElo "2379"]
[BlackElo "2192"]
[PlyCount "40"]
[EventDate "2021.05.22"]
[EventType "k.o. (rapid)"]
[EventRounds "4"]
[EventCountry "USA"]
[SourceTitle "CBM 202 Extra"]
[Source "ChessBase"]
[SourceDate "2021.07.31"]
[SourceVersion "1"]
[SourceVersionDate "2021.07.31"]
[SourceQuality "1"]

1. d4 Nf6 2. c4 e6 3. Nc3 Bb4 4. g3 c5 5. Nf3 cxd4 6. Qxd4 Nc6 7. Qd3 d5 8. cxd5 Nxd5 9. Bd2 Nxc3 10. Qxd8+ Kxd8 11. bxc3 Bc5 12. Ng5 Ke8 13. Bg2 Bd7 14. Rb1 b6 15. c4 Rc8 16. 0-0 Ne5 17. Bf4 Ng6 18. Bd2 Ne5 19. Bf4 Ng6 20. Bd2 Ne5 1/2-1/2

[Event "American World Cup Q Prelim"]
[Site "Tornelo INT"]
[Date "2021.05.09"]
[Round "7"]
[White "Arrieta Hernandez, Cristian"]
[Black "Lopez Gonzalez, Abel Fabian"]
[Result "1/2-1/2"]
[WhiteElo "1863"]
[BlackElo "2379"]
[PlyCount "213"]
[EventDate "2021.05.08"]
[EventType "swiss (rapid)"]
[EventRounds "9"]
[EventCountry "USA"]
[SourceTitle "CBM 202 Extra"]
[Source "ChessBase"]
[SourceDate "2021.07.31"]
[SourceVersion "1"]
[SourceVersionDate "2021.07.31"]
[SourceQuality "1"]

1. Nf3 d5 2. c4 e6 3. d4 c5 4. e3 Nc6 5. Nc3 Nf6 6. Be2 dxc4 7. Bxc4 cxd4 8. exd4 Be7 9. 0-0 0-0 10. Be3 Qa5 11. a3 Rd8 12. b4 Qc7 13. Qb3 Ng4 14. Rfd1 Nxe3 15. fxe3 a5 16. b5 a4 17. Qb2 Nxd4 18. exd4 Qxc4 19. Ne5 Qb3 20. Qxb3 axb3 21. Nc4 Bf6 22. Ne2 Bd7 23. a4 Rac8 24. Rac1 Kf8 25. Kf1 Ke7 26. Na5 Rxc1 27. Rxc1 Ra8 28. Nxb3 Rxa4 29. Rc7 Kd8 30. Rxb7 Rb4 31. Nec1 Rxb5 32. Ra7 Bg5 33. Ke2 Rb4 34. Kd3 Bxc1 35. Nxc1 Rb2 36. Kc3 Rxg2 37. Nd3 Rxh2 38. Ne5 Bc8 39. Nxf7+ Ke8 40. Nd6+ Kd8 41. Rxg7 Bd7 42. Nf7+ Kc8 43. Nd6+ Kd8 44. Nb7+ Kc8 45. Nc5 Bc6 46. Nxe6 Be4 47. Rc7+ Kb8 48. Re7 h5 49. Re8+ Ka7 50. Nc5 Bd5 51. Re5 Bf3 52. d5 Bxd5 53. Rxd5 h4 54. Rh5 h3 55. Nd3 Rh1 56. Nf2 Rh2 57. Nxh3 Kb6 58. Kd4 Kc6 59. Ke4 Kb6 60. Kf3 Kc6 61. Kg3 Ra2 62. Nf4 Kd6 63. Kg4 Ra4 64. Rd5+ Kc6 65. Rd2 Ra1 66. Ne2 Rf1 67. Ng3 Rf8 68. Nf5 Kc5 69. Kf4 Re8 70. Rc2+ Kb4 71. Rc7 Rh8 72. Nd6 Rh5 73. Ne4 Rh4+ 74. Ke3 Kb5 75. Kd4 Kb6 76. Rc2 Kb5 77. Kd5 Rh5+ 78. Kd4 Rh4 79. Rg2 Kb6 80. Kd5 Rh5+ 81. Kc4 Rh4 82. Rg6+ Kc7 83. Kd5 Rh5+ 84. Ng5 Kb7 85. Kc5 Rh1 86. Rg7+ Ka6 87. Ne4 Rc1+ 88. Kb4 Kb6 89. Rg6+ Kc7 90. Nc3 Kd7 91. Nd5 Rc2 92. Kb5 Rc1 93. Nb4 Ke7 94. Nc6+ Kf7 95. Rd6 Kg7 96. Ne5 Rc2 97. Rg6+ Kf8 98. Ra6 Ke7 99. Ng6+ Kf7 100. Nf4 Ke7 101. Nd3 Kf7 102. Nb4 Rc1 103. Nd3 Rc2 104. Nc5 Rc1 105. Rh6 Kg7 106. Rd6 Kf7 107. Kc6 1/2-1/2

[Event "American World Cup Q Prelim"]
[Site "Tornelo INT"]
[Date "2021.05.08"]
[Round "3"]
[White "Salazar Gould, Melannie"]
[Black "Lopez Gonzalez, Abel Fabian"]
[Result "1/2-1/2"]
[WhiteElo "1961"]
[BlackElo "2379"]
[PlyCount "44"]
[EventDate "2021.05.08"]
[EventType "swiss (rapid)"]
[EventRounds "9"]
[EventCountry "USA"]
[SourceTitle "CBM 202 Extra"]
[Source "ChessBase"]
[SourceDate "2021.07.31"]
[SourceVersion "1"]
[SourceVersionDate "2021.07.31"]
[SourceQuality "1"]

1. e4 d5 2. exd5 Nf6 3. c4 e6 4. d4 exd5 5. Nc3 Bb4 6. Nf3 0-0 7. Be2 dxc4 8. Bxc4 Bg4 9. Be2 Nc6 10. Be3 Nd5 11. Qd3 Nxe3 12. fxe3 Re8 13. 0-0 Bxc3 14. Qxc3 Qe7 15. Bc4 Qxe3+ 16. Qxe3 Rxe3 17. Ng5 Bh5 18. Nxf7 Na5 19. Nh6+ Kh8 20. Nf7+ Kg8 21. Nh6+ Kh8 22. Nf7+ Kg8 1/2-1/2

[Event "FIDE World Uni Rapid-A 1st"]
[Site "Tornelo INT"]
[Date "2021.03.21"]
[Round "8"]
[White "Eliezer, Segev"]
[Black "Lopez Gonzalez, Abel Fabian"]
[Result "1-0"]
[WhiteElo "2004"]
[BlackElo "2379"]
[PlyCount "75"]
[EventDate "2021.03.20"]
[EventType "swiss (rapid)"]
[EventRounds "12"]
[EventCountry "NET"]
[SourceTitle "CBM 201 Extra"]
[Source "ChessBase"]
[SourceDate "2021.05.31"]
[SourceVersion "1"]
[SourceVersionDate "2021.05.31"]
[SourceQuality "1"]

1. d4 d5 2. c4 e6 3. Nc3 c5 4. Nf3 Nc6 5. cxd5 exd5 6. Bg5 Be7 7. Bxe7 Ngxe7 8. e3 c4 9. Qd2 a6 10. a4 Na5 11. Ra3 Bf5 12. Be2 0-0 13. 0-0 Rb8 14. Bd1 Nec6 15. Bc2 Bxc2 16. Qxc2 b5 17. axb5 axb5 18. Ne2 Nb3 19. Rxb3 b4 20. e4 cxb3 21. Qxc6 dxe4 22. Qxe4 Qa5 23. d5 h6 24. Nf4 Qa2 25. Qd4 Rbc8 26. Nh5 f6 27. d6 Qa6 28. Qg4 Rf7 29. Rd1 Ra8 30. h3 Qe2 31. Re1 Qxb2 32. Re7 Qc1+ 33. Kh2 Raf8 34. Nxf6+ Kh8 35. Rxf7 Rxf7 36. Nh5 b2 37. Ne5 b1Q 38. Nxf7+ 1-0

[Event "FIDE World Uni Rapid-A 1st"]
[Site "Tornelo INT"]
[Date "2021.03.21"]
[Round "9"]
[White "Lopez Gonzalez, Abel Fabian"]
[Black "Vozinaki, Anthi Maria"]
[Result "1-0"]
[WhiteElo "2379"]
[BlackElo "1861"]
[PlyCount "81"]
[EventDate "2021.03.20"]
[EventType "swiss (rapid)"]
[EventRounds "12"]
[EventCountry "NET"]
[SourceTitle "CBM 201 Extra"]
[Source "ChessBase"]
[SourceDate "2021.05.31"]
[SourceVersion "1"]
[SourceVersionDate "2021.05.31"]
[SourceQuality "1"]

1. d4 Nf6 2. c4 c5 3. d5 b5 4. Qc2 b4 5. e4 d6 6. f4 g6 7. Nf3 Bg7 8. Bd3 0-0 9. 0-0 Qc7 10. h3 a5 11. Re1 Nfd7 12. Be3 a4 13. a3 Qb6 14. axb4 Qxb4 15. Nc3 a3 16. e5 dxe5 17. bxa3 Rxa3 18. Rxa3 Qxa3 19. Nb5 Qa6 20. fxe5 Nxe5 21. Nxe5 Bxe5 22. Bxc5 Qf6 23. Qf2 Qg5 24. h4 Qg3 25. Qxg3 Bxg3 26. Rxe7 Na6 27. Ba3 Rd8 28. d6 Bxh4 29. Ra7 Bf6 30. Kf1 Kg7 31. c5 Rd7 32. c6 Rxa7 33. Nxa7 Be6 34. Bxa6 Bd4 35. d7 Bb6 36. Nc8 Bc7 37. Bd6 Ba5 38. Bc5 Bd8 39. Bb6 Bf6 40. Bd4 Bxd4 41. d8Q 1-0

[Event "FIDE World Uni Rapid-A 1st"]
[Site "Tornelo INT"]
[Date "2021.03.20"]
[Round "2"]
[White "Obeysekara, TA Sajith Chathuran"]
[Black "Lopez Gonzalez, Abel Fabian"]
[Result "0-1"]
[WhiteElo "1684"]
[BlackElo "2379"]
[PlyCount "90"]
[EventDate "2021.03.20"]
[EventType "swiss (rapid)"]
[EventRounds "12"]
[EventCountry "NET"]
[SourceTitle "CBM 201 Extra"]
[Source "ChessBase"]
[SourceDate "2021.05.31"]
[SourceVersion "1"]
[SourceVersionDate "2021.05.31"]
[SourceQuality "1"]

1. d3 e5 2. g3 Nf6 3. Bg2 Bc5 4. Nc3 0-0 5. e4 c6 6. Nge2 h6 7. 0-0 d5 8. h3 Re8 9. Kh2 dxe4 10. Nxe4 Nxe4 11. Bxe4 Nd7 12. Be3 Qb6 13. Qc1 Nf6 14. Nc3 Bd4 15. Rb1 Be6 16. Bg2 Rad8 17. g4 Bxg4 18. hxg4 Nxg4+ 19. Kg3 Nxe3 20. fxe3 Bxe3 21. Qd1 Bf4+ 22. Rxf4 exf4+ 23. Kh2 f5 24. Qf3 g5 25. Qh5 Kg7 26. Rg1 Qxb2 27. Ne2 Qxc2 28. Bf3 Rh8 29. Rg2 Qxd3 30. Kh1 Qd6 31. Kg1 Qc5+ 32. Kh1 Rd1+ 33. Kh2 Rd3 34. Kh1 Qe3 35. Ng1 Rd2 36. Nh3 Rxg2 37. Kxg2 Qd2+ 38. Nf2 Rf8 39. Qh1 g4 40. Qa1+ Kg6 41. Bxg4 fxg4 42. Qb1+ Rf5 43. Qxb7 f3+ 44. Kg3 Qf4+ 45. Kh4 Rh5# 0-1

[Event "FIDE World Uni Rapid-A 1st"]
[Site "Tornelo INT"]
[Date "2021.03.20"]
[Round "4"]
[White "Rengifo Blancas, Renzo Jhonathan"]
[Black "Lopez Gonzalez, Abel Fabian"]
[Result "0-1"]
[WhiteElo "2131"]
[BlackElo "2379"]
[PlyCount "64"]
[EventDate "2021.03.20"]
[EventType "swiss (rapid)"]
[EventRounds "12"]
[EventCountry "NET"]
[SourceTitle "CBM 201 Extra"]
[Source "ChessBase"]
[SourceDate "2021.05.31"]
[SourceVersion "1"]
[SourceVersionDate "2021.05.31"]
[SourceQuality "1"]

1. e4 e5 2. Nf3 Nc6 3. d4 exd4 4. Nxd4 Nf6 5. Nc3 Bb4 6. Nxc6 bxc6 7. Bd3 d5 8. exd5 cxd5 9. 0-0 0-0 10. Bg5 c6 11. Qf3 h6 12. Bf4 Re8 13. h3 Bd6 14. Ne2 Rb8 15. b3 Be5 16. Rad1 Qc7 17. c4 Bd7 18. Rfe1 Re7 19. Bxe5 Qxe5 20. Nf4 Qxe1+ 21. Rxe1 Rxe1+ 22. Kh2 Re5 23. cxd5 cxd5 24. Ne2 Ne4 25. Nd4 Rc8 26. Qf4 f6 27. f3 Nc3 28. a4 Nd1 29. Bc2 Ne3 30. Bd3 Rc1 31. h4 Rd1 32. Be2 Rd2 0-1

[Event "FIDE World Uni Blitz-B 1st"]
[Site "Tornelo INT"]
[Date "2021.03.13"]
[Round "1.18"]
[White "Aryandeep, Singh Gill"]
[Black "Lopez Gonzalez, Abel Fabian"]
[Result "0-1"]
[WhiteElo "1453"]
[BlackElo "2379"]
[PlyCount "29"]
[EventDate "2021.03.13"]
[EventType "swiss (blitz)"]
[EventRounds "10"]
[EventCountry "NET"]
[SourceTitle "EXT 2022"]
[Source "ChessBase"]
[SourceDate "2021.10.06"]
[SourceVersion "1"]
[SourceVersionDate "2021.10.06"]
[SourceQuality "1"]

1. d4 d5 2. c4 e6 3. Nc3 c5 4. Nf3 Nc6 5. cxd5 exd5 6. dxc5 d4 7. Ne4 Bxc5 8. a3 Be7 9. b4 Nf6 10. Bb2 Nxe4 11. Qd3 Bf5 12. Qb3 0-0 13. g3 a5 14. Bg2 axb4 15. axb4 0-1